<?xml version="1.0" encoding="UTF-8"?>
<record
    xmlns:xsi="http://www.w3.org/2001/XMLSchema-instance"
    xsi:schemaLocation="http://www.loc.gov/MARC21/slim http://www.loc.gov/standards/marcxml/schema/MARC21slim.xsd"
    xmlns="http://www.loc.gov/MARC21/slim">

  <leader>03597nam a2200409Ia 4500</leader>
  <controlfield tag="003">OSt</controlfield>
  <controlfield tag="005">20260615131017.0</controlfield>
  <controlfield tag="008">  2310s2022    ua a   frm      000 0 und d</controlfield>
  <datafield tag="040" ind1=" " ind2=" ">
    <subfield code="a">EG-GICUC</subfield>
    <subfield code="b">eng</subfield>
    <subfield code="c">EG-GICUC</subfield>
    <subfield code="d">EG-GICUC</subfield>
    <subfield code="e">rda</subfield>
  </datafield>
  <datafield tag="041" ind1="0" ind2=" ">
    <subfield code="a">eng</subfield>
    <subfield code="b">eng</subfield>
    <subfield code="b">ara</subfield>
  </datafield>
  <datafield tag="049" ind1=" " ind2=" ">
    <subfield code="a">Deposit</subfield>
  </datafield>
  <datafield tag="082" ind1=" " ind2=" ">
    <subfield code="a">571.9</subfield>
  </datafield>
  <datafield tag="092" ind1=" " ind2=" ">
    <subfield code="a">571.9</subfield>
    <subfield code="2">21</subfield>
  </datafield>
  <datafield tag="097" ind1=" " ind2=" ">
    <subfield code="a">Ph.D</subfield>
  </datafield>
  <datafield tag="099" ind1=" " ind2=" ">
    <subfield code="a">Cai01.10.05.Ph.D.2021.Sh.C</subfield>
  </datafield>
  <datafield tag="100" ind1=" " ind2=" ">
    <subfield code="a">Shereen Youssef Elsayed Abd Elmotaleb Youssef,</subfield>
    <subfield code="e">preparation.</subfield>
  </datafield>
  <datafield tag="245" ind1=" " ind2=" ">
    <subfield code="a">Clinicopathological Studies on the Effect of Bone MarrowStem Cells on Experimental Diabetic Rats /</subfield>
    <subfield code="c">by Shereen Youssef Elsayed Abd Elmotaleb Youssef; Prof.Dr. Safaa Yassin Sayed Ahmed, Prof.Dr.Shaymaa Ismaeil Salem.</subfield>
  </datafield>
  <datafield tag="246" ind1=" " ind2=" ">
    <subfield code="a">&#x62F;&#x631;&#x627;&#x633;&#x627;&#x62A; &#x628;&#x627;&#x62B;&#x648;&#x644;&#x648;&#x62C;&#x64A;&#x629; &#x625;&#x643;&#x644;&#x64A;&#x646;&#x64A;&#x643;&#x64A;&#x629; &#x639;&#x644;&#x649; &#x62A;&#x623;&#x62B;&#x64A;&#x631; &#x627;&#x644;&#x62E;&#x644;&#x627;&#x64A;&#x627; &#x627;&#x644;&#x62C;&#x630;&#x639;&#x64A;&#x629; &#x627;&#x644;&#x646;&#x62E;&#x627;&#x639;&#x64A;&#x629; &#x639;&#x644;&#x649; &#x627;&#x644;&#x641;&#x626;&#x631;&#x627;&#x646; &#x627;&#x644;&#x645;&#x635;&#x627;&#x628;&#x629; &#x62A;&#x62C;&#x631;&#x64A;&#x628;&#x64A;&#x627; &#x628;&#x627;&#x644;&#x62F;&#x627;&#x621; &#x627;&#x644;&#x633;&#x643;&#x631;&#x649;</subfield>
  </datafield>
  <datafield tag="264" ind1=" " ind2="0">
    <subfield code="c">2021.</subfield>
  </datafield>
  <datafield tag="300" ind1=" " ind2=" ">
    <subfield code="a">79 p. :</subfield>
    <subfield code="b">illustrations </subfield>
    <subfield code="c">25cm</subfield>
    <subfield code="e">CD.</subfield>
  </datafield>
  <datafield tag="336" ind1=" " ind2=" ">
    <subfield code="2">rda content</subfield>
    <subfield code="a">text</subfield>
  </datafield>
  <datafield tag="337" ind1=" " ind2=" ">
    <subfield code="2">rdamedia</subfield>
    <subfield code="a">Unmediated</subfield>
  </datafield>
  <datafield tag="338" ind1=" " ind2=" ">
    <subfield code="2">rdacarrier</subfield>
    <subfield code="a">volume</subfield>
  </datafield>
  <datafield tag="502" ind1=" " ind2=" ">
    <subfield code="a">Thesis (Ph.D)-Cairo Univsersity,2021</subfield>
  </datafield>
  <datafield tag="504" ind1=" " ind2=" ">
    <subfield code="a">Bibliography: P. 68-92</subfield>
  </datafield>
  <datafield tag="520" ind1=" " ind2="3">
    <subfield code="a">	Diabetes mellitus is a group of metabolic diseases -multi-systemic disorder- characterized by
hyperglycemia resulting from defects in insulin secretion. The therapeutic treatment with bone
marrow mesenchymal stem cells &#x201C;BM-MSCs&#x201D; has a promising value in the management of kidney,
liver and pancreatic degeneration. Fifty male rats were used in this experiment; 5 rats as a source
of BM-MSCs, 5 rats (STZ-diabetic) as the cell tracking and the other 40 rats were randomly
assigned into 4 equal groups; normal control (I), stem cell (II), untreated diabetic (III), and treated
diabetic (BM-MSCs) (IV). To induce DM, rats were intraperitoneally injected single dose of
streptozotocin (STZ) (55 mg/kg BW). The BM-MSCs were collected from 10 rats&#x2019; bone marrow,
cultured, characterized using flow cytometry analysis and labeled with Qtracker 655 cell labeling.
BM-MSCs were transplanted in treated diabetic at the 7th day of STZ injection. Rats were
euthanized 4 weeks after STZ injection. Blood samples were collected at the end of experiment
(4th week of BM-MSCs transplantation). The pancreas, kidney and liver tissues were collected.
Hemogram, biochemical parameters (liver &amp; Kidney function tests), insulin gene expression and
histopathological examination of pancreas, liver and kidney, were performed for all experimental
groups. Untreated diabetic group showed significant disturbances in liver, kidney and pancreatic
functions with excessive production of inflammatory cytokine (TNF-&#x3B1;) in kidney tissues and
increased oxidative stress in liver tissues. The BM-MSCs treated diabetic group showed significant
improvement in organs functions, insulin gene expression as well as hematological and
histopathological examinations. In conclusion, treatment with BM-MSCs in diabetic rats improved
the diabetic profile and ameliorated some of its complications.</subfield>
  </datafield>
  <datafield tag="530" ind1=" " ind2=" ">
    <subfield code="a">Issues also as CD.</subfield>
  </datafield>
  <datafield tag="546" ind1=" " ind2=" ">
    <subfield code="a">Text in English and abstract in Arabic &amp; English.</subfield>
  </datafield>
  <datafield tag="650" ind1=" " ind2=" ">
    <subfield code="a">Diabetes mellitus</subfield>
  </datafield>
  <datafield tag="653" ind1=" " ind2=" ">
    <subfield code="a">pathology</subfield>
  </datafield>
  <datafield tag="700" ind1=" " ind2=" ">
    <subfield code="a">Safaa Yassin Sayed Ahmed</subfield>
    <subfield code="e">thesis advisor.</subfield>
  </datafield>
  <datafield tag="700" ind1=" " ind2=" ">
    <subfield code="a">Shaymaa Ismaeil Salem</subfield>
    <subfield code="e">thesis advisor.</subfield>
  </datafield>
  <datafield tag="900" ind1=" " ind2=" ">
    <subfield code="b">01-01-2021</subfield>
    <subfield code="c">Safaa Yassin Sayed Ahmed</subfield>
    <subfield code="c">Shaymaa Ismaeil Salem</subfield>
    <subfield code="U">Cairo University</subfield>
    <subfield code="F">Faculty of Veterinary Medicine</subfield>
    <subfield code="D">Department of Clinical Pathology</subfield>
  </datafield>
  <datafield tag="905" ind1=" " ind2=" ">
    <subfield code="a">Shimaa</subfield>
  </datafield>
  <datafield tag="942" ind1=" " ind2=" ">
    <subfield code="c">TH</subfield>
    <subfield code="2">ddc</subfield>
  </datafield>
  <datafield tag="999" ind1=" " ind2=" ">
    <subfield code="c">163726</subfield>
  </datafield>
  <datafield tag="952" ind1=" " ind2=" ">
    <subfield code="2">ddc</subfield>
    <subfield code="9">295370</subfield>
    <subfield code="a">CUCL</subfield>
    <subfield code="b">cl210</subfield>
    <subfield code="d">2024-02-11</subfield>
    <subfield code="i">85800</subfield>
    <subfield code="o">Cai01.10.05.Ph.D.2021.Sh.C</subfield>
    <subfield code="p">01010110085800000</subfield>
    <subfield code="r">2023-10-30 00:00:00</subfield>
    <subfield code="w">2023-10-30</subfield>
    <subfield code="y">TH</subfield>
  </datafield>
</record>
